000 00663nam a2200217Ii 4500
001 11590
003 CO-ViMGA
008 241108s9999||||xx |||||||||||||| ||und||
020 _a9589181368
040 _aCO-ViMGA
_bspa
_erda
_cCO-ViMGA
041 0 _aunk
082 0 4 _a616.0758-A63d
100 1 _aGilberto Angel M.
_954766
245 1 0 _aDiccionario del laboratorio clínico
264 1 _a[Lugar de publicación no identificado] : Editorial Panamericana Médica, 1998
300 _avolumen
336 _atext
_btxt
_2rdacontent
337 _aunmediated
_bn
_2rdamedia
338 _avolume
_bnc
_2rdacarrier
940 _aidficha_siabuc: 11315. -- ficha_no_siabuc:11590
999 _c51989
_d51989